000 01714nam0a2200337 4500
001 RU\NLR\BIBL_A\022344041
005 20251214193546.0
010 _a978-5-9710-3385-1
035 _a(NLR Aleph) 022344041
090 _a13495719
_c13495719
100 _a20241007d2023 k y0rusy50 ca
101 0 _arus
102 _aRU
105 _ay z 000yy
181 0 _ai
_bxxxe
182 0 _an
200 1 _aИдея аналогий в художественном плане "Фауста" Гёте
_eпоэтика театральности
_fВ. И. Мильдон
203 _aТекст
_bвизуальный
_cнепосредственный
205 _aИзд. 2-е, испр. и доп.
210 _aМосква
_cURSS, Ленанд
_d2023
215 _a198 с.
_d21
320 _aБиблиогр. в примеч.: с. 182–198
488 0 _12001#$aФауст$eтрагедия$fГёте
_1700#1$aГете$bИ. В.$f1749-1832$gИоганн Вольфганг$3RU\NLR\AUTH\771353
_tФауст
_aГете, Иоганн Вольфганг (1749-1832)
604 _1700#1$aГете$bИ.В.$gИоганн Вольфганг$f1749 - 1832
_1500##$a"Фауст"$2nlr_sh1$2nlr_sh2$3RU\NLR\AUTH\66278289
_3RU\NLR\AUTH\66278289
_aГете, Иоганн Вольфганг (1749 - 1832)
_t"Фауст"
_91402975
686 1 _aШ5(4Г)45-4Гете536Фауст
700 1 _aМильдон
_bВ. И.
_f1939-
_gВалерий Ильич
_9138934
_3RU\NLR\AUTH\770138969
942 _cBOOK
980 _aNB